00518nam a2200169Ia 4500003000900000008004100009040001600050080002100066245009400087260003500181300001500216650002400231650004100255650002300296650001100319700001800330IN-BaIIA211028s9999 xx 000 0 eng d cIIA Library a047.1:535bPRO-4 0aProgress in opticsbvol. 4cedited by E. Wolf  aAmsterdambNorth-Hollandc1965 axii, 327p. aAstronomical optics aAstronomy and astrophysics Thesaurus aOptical properties aOptics aWolf, E., ed.